[Event "Reykjavik op"]
[Site "Reykjavik"]
[Date "2023.04.01"]
[Round "6"]
[White "Miller, Eduard"]
[Black "Laddha, Yash Jayesh"]
[Result "1-0"]
[WhiteElo "2354"]
[BlackElo "2067"]
[PlyCount "79"]
[EventDate "2023.03.29"]
[EventType "swiss"]
[EventRounds "9"]
[EventCountry "ISL"]
[SourceTitle "CBM 213 Extra"]
[Source "ChessBase"]
[SourceDate "2023.05.31"]
[SourceVersion "1"]
[SourceVersionDate "2023.05.31"]
[SourceQuality "1"]

1. d4 Nf6 2. Bf4 e6 3. e3 c5 4. Nf3 d5 5. Nbd2 Nc6 6. c3 Bd6 7. Bg3 0-0 8. Bd3 b6 9. e4 Be7 10. e5 Nh5 11. Ng5 Bxg5 12. Qxh5 g6 13. Qe2 cxd4 14. h4 dxc3 15. bxc3 Bh6 16. h5 Bg7 17. Kf1 Qc7 18. Re1 Ne7 19. Rh3 Qd7 20. Bh4 Nf5 21. Bf6 Bxf6 22. exf6 e5 23. Qxe5 Qd6 24. Nf3 Qxe5 25. Rxe5 Nd6 26. Rh4 Ne4 27. hxg6 hxg6 28. Bxe4 dxe4 29. Ng5 Ba6+ 30. Kg1 Rae8 31. Rexe4 Bd3 32. Rd4 Rd8 33. f3 Rfe8 34. Rh7 Re1+ 35. Kh2 Rxd4 36. Rg7+ Kf8 37. Rxf7+ Ke8 38. cxd4 Bc4 39. Rxa7 Kf8 40. Rh7 1-0

[Event "Reykjavik op"]
[Site "Reykjavik"]
[Date "2023.03.31"]
[Round "4"]
[White "Miller, Eduard"]
[Black "Hari, Charan Sai Kalluri"]
[Result "1-0"]
[WhiteElo "2354"]
[BlackElo "2066"]
[PlyCount "65"]
[EventDate "2023.03.29"]
[EventType "swiss"]
[EventRounds "9"]
[EventCountry "ISL"]
[SourceTitle "CBM 213 Extra"]
[Source "ChessBase"]
[SourceDate "2023.05.31"]
[SourceVersion "1"]
[SourceVersionDate "2023.05.31"]
[SourceQuality "1"]

1. d4 d5 2. Bf4 c6 3. e3 Nf6 4. c4 g6 5. Nc3 Bg7 6. Nf3 0-0 7. Be2 dxc4 8. Bxc4 Nbd7 9. 0-0 b5 10. Be2 Bb7 11. Rc1 Nh5 12. Bg5 h6 13. Bh4 g5 14. Ne1 Nhf6 15. Bg3 Qb6 16. Nd3 Rfd8 17. Qb3 a5 18. h3 Rac8 19. Bf3 e6 20. Bd6 Bf8 21. Bxf8 Kxf8 22. Ne4 Nxe4 23. Bxe4 Ke7 24. Nc5 Nxc5 25. Rxc5 Rd6 26. f4 f5 27. Bxf5 exf5 28. Rxf5 g4 29. Qf7+ Kd8 30. Qg7 Rd7 31. Rf8+ Kc7 32. Qe5+ Rd6 33. Rf7+ 1-0

[Event "Reykjavik op"]
[Site "Reykjavik"]
[Date "2023.03.30"]
[Round "3"]
[White "Hoffmann, Sebastian1111"]
[Black "Miller, Eduard"]
[Result "0-1"]
[WhiteElo "2108"]
[BlackElo "2354"]
[PlyCount "44"]
[EventDate "2023.03.29"]
[EventType "swiss"]
[EventRounds "9"]
[EventCountry "ISL"]
[SourceTitle "CBM 213 Extra"]
[Source "ChessBase"]
[SourceDate "2023.05.31"]
[SourceVersion "1"]
[SourceVersionDate "2023.05.31"]
[SourceQuality "1"]

1. d4 Nf6 2. c4 b6 3. Nc3 Bb7 4. d5 e6 5. e4 exd5 6. cxd5 Bb4 7. Bd3 Qe7 8. Qe2 0-0 9. a3 Bxc3+ 10. bxc3 Re8 11. f3 Bxd5 12. Be3 Bc6 13. c4 Na6 14. Kf2 Nc5 15. Nh3 Bxe4 16. fxe4 Nfxe4+ 17. Bxe4 Nxe4+ 18. Kf3 Qh4 19. Nf2 Qf6+ 20. Kg4 Qe6+ 21. Kf3 Qf5+ 22. Bf4 Ng5+ 0-1

[Event "Bayern-chI Bank Hofmann 25th"]
[Site "Tegernsee"]
[Date "2022.11.12"]
[Round "8"]
[White "Halkias, Stelios"]
[Black "Miller, Eduard"]
[Result "1-0"]
[WhiteElo "2506"]
[BlackElo "2345"]
[PlyCount "61"]
[EventDate "2022.11.05"]
[EventType "swiss"]
[EventRounds "9"]
[EventCountry "GER"]
[SourceTitle "CBM 211 Extra"]
[Source "ChessBase"]
[SourceDate "2023.01.31"]
[SourceVersion "1"]
[SourceVersionDate "2023.01.31"]
[SourceQuality "1"]

1. Nf3 Nf6 2. c4 g6 3. Nc3 Bg7 4. e4 d6 5. d4 0-0 6. Be2 e5 7. Be3 exd4 8. Nxd4 Re8 9. f3 c6 10. Bf2 d5 11. exd5 cxd5 12. 0-0 Nc6 13. c5 Nh5 14. Qd2 Be5 15. Rfe1 Bf4 16. Qd1 Qg5 17. Bf1 Rxe1 18. Qxe1 Bd7 19. h4 Qh6 20. Nxd5 Re8 21. Qc3 Be5 22. Re1 Qg7 23. Rd1 g5 24. Qc4 gxh4 25. Nxc6 bxc6 26. Qxh4 cxd5 27. Qxh5 Bc6 28. b4 Rb8 29. b5 Bxb5 30. Bxb5 Rxb5 31. Re1 1-0

[Event "Bayern-chI Bank Hofmann 25th"]
[Site "Tegernsee"]
[Date "2022.11.06"]
[Round "2"]
[White "Ohler, Julius"]
[Black "Miller, Eduard"]
[Result "0-1"]
[WhiteElo "2120"]
[BlackElo "2345"]
[PlyCount "110"]
[EventDate "2022.11.05"]
[EventType "swiss"]
[EventRounds "9"]
[EventCountry "GER"]
[SourceTitle "CBM 211 Extra"]
[Source "ChessBase"]
[SourceDate "2023.01.31"]
[SourceVersion "1"]
[SourceVersionDate "2023.01.31"]
[SourceQuality "1"]

1. d4 Nf6 2. Bg5 c5 3. d5 d6 4. Nc3 h6 5. Bxf6 exf6 6. e3 g6 7. h4 h5 8. Bd3 Bg7 9. e4 0-0 10. a4 Re8 11. Kf1 Na6 12. g3 Nb4 13. Kg2 f5 14. Nge2 c4 15. Bxc4 fxe4 16. Nf4 Bf5 17. Nce2 Bg4 18. Rf1 Be5 19. Qd2 a5 20. c3 Na6 21. Qe3 Nc5 22. Ng1 Qf6 23. Nfh3 Rac8 24. Ng5 Qg7 25. Rfe1 f6 26. N5h3 Bd7 27. Bb5 Bxb5 28. axb5 b6 29. Ne2 Kh7 30. Nhf4 Qd7 31. Nd4 Bxf4 32. Qxf4 Nd3 33. Qxf6 Rf8 34. Qe6 Qxe6 35. Nxe6 Nxe1+ 36. Rxe1 Rf5 37. Ng5+ Kg7 38. Rxe4 Rxd5 39. Ne6+ Kf6 40. Nd4 Re5 41. Rf4+ Kg7 42. Rf3 Re1 43. Rd3 Rc5 44. Rd2 a4 45. Nc2 Ree5 46. Na3 Rcd5 47. Rc2 Re6 48. c4 Rd1 49. Kf3 Rd3+ 50. Kg2 Re1 51. Kh2 Kf6 52. Kg2 Ke7 53. Kh2 Kd7 54. Kg2 Kc7 55. Kh2 Red1 0-1

[Event "GER-ch 93rd"]
[Site "Magdeburg"]
[Date "2022.08.17"]
[Round "5"]
[White "Miller, Eduard"]
[Black "Yi, Danny"]
[Result "1/2-1/2"]
[WhiteElo "2353"]
[BlackElo "2273"]
[PlyCount "90"]
[EventDate "2022.08.14"]
[EventType "swiss"]
[EventRounds "9"]
[EventCountry "GER"]
[SourceTitle "CBM 209 Extra"]
[Source "ChessBase"]
[SourceDate "2022.09.30"]
[SourceVersion "1"]
[SourceVersionDate "2022.09.30"]
[SourceQuality "1"]

1. e4 e5 2. f4 Bc5 3. Nf3 d6 4. c3 Bg4 5. h3 Bxf3 6. Qxf3 Nd7 7. Bc4 Qe7 8. d3 Ngf6 9. f5 0-0-0 10. Bg5 h6 11. Bh4 g5 12. fxg6 fxg6 13. Nd2 Rhf8 14. Qe2 g5 15. Bg3 Qe8 16. Rf1 Qg6 17. Be6 Kb8 18. Bf5 Qg8 19. b4 Bb6 20. Nc4 Rde8 21. Nxb6 Nxb6 22. c4 Qf7 23. Bf2 d5 24. Bc5 dxc4 25. Bxf8 Qxf8 26. a3 cxd3 27. Qxd3 Rd8 28. Qe2 c5 29. Rd1 Rxd1+ 30. Qxd1 cxb4 31. axb4 Qxb4+ 32. Qd2 Qe7 33. Rf3 Nc4 34. Rc3 b5 35. Qd3 Kc7 36. Kf1 a6 37. Rxc4+ bxc4 38. Qxc4+ Kb6 39. Bc8 Qd6 40. Qxa6+ Kc7 41. Qb7+ Kd8 42. Bf5 Qd1+ 43. Kf2 Qd2+ 44. Kg1 Qc1+ 45. Kh2 Qf4+ 1/2-1/2

[Event "Titled Tuesday intern op 28th Jun Early"]
[Site "Chess.com INT"]
[Date "2022.06.28"]
[Round "7"]
[White "Barria Zuniga, Daniel"]
[Black "Miller, Eduard"]
[Result "1-0"]
[WhiteElo "2341"]
[BlackElo "2348"]
[PlyCount "59"]
[EventDate "2022.06.28"]
[EventType "swiss (blitz)"]
[EventRounds "11"]
[EventCountry "USA"]
[SourceTitle "CBM 209 Extra"]
[Source "ChessBase"]
[SourceDate "2022.09.30"]
[SourceVersion "1"]
[SourceVersionDate "2022.09.30"]
[SourceQuality "1"]

1. d4 Nf6 2. c4 g6 3. Nc3 Bg7 4. e4 d6 5. Be2 0-0 6. Nf3 e5 7. d5 a5 8. Bg5 Na6 9. Nd2 Qe8 10. 0-0 Nd7 11. a3 f5 12. f3 f4 13. Bh4 Bf6 14. Bf2 g5 15. b4 b6 16. c5 bxc5 17. Nb5 cxb4 18. axb4 axb4 19. Qc2 Bd8 20. Rfc1 Ndc5 21. Nb3 Bd7 22. Nxc5 dxc5 23. Qc4 Be7 24. Rxa6 Bxb5 25. Qxb5 Qxb5 26. Bxb5 Rxa6 27. Bxa6 Ra8 28. Bc4 Ra3 29. d6+ Kf8 30. dxc7 1-0

[Event "Titled Tuesday intern op 28th Jun Early"]
[Site "Chess.com INT"]
[Date "2022.06.28"]
[Round "3"]
[White "Medvedyk, Volodymyr"]
[Black "Miller, Eduard"]
[Result "0-1"]
[WhiteElo "2111"]
[BlackElo "2348"]
[PlyCount "68"]
[EventDate "2022.06.28"]
[EventType "swiss (blitz)"]
[EventRounds "11"]
[EventCountry "USA"]
[SourceTitle "CBM 209 Extra"]
[Source "ChessBase"]
[SourceDate "2022.09.30"]
[SourceVersion "1"]
[SourceVersionDate "2022.09.30"]
[SourceQuality "1"]

1. c4 Nf6 2. g3 g6 3. Bg2 Bg7 4. Nc3 0-0 5. e4 e5 6. Nge2 d6 7. 0-0 Nc6 8. d3 Nd7 9. Be3 Nc5 10. d4 exd4 11. Nxd4 Nxd4 12. Bxd4 Ne6 13. Bxg7 Kxg7 14. f4 f5 15. exf5 gxf5 16. Rf2 Rb8 17. Qh5 Qf6 18. Re1 Bd7 19. Nd5 Qg6 20. Qh4 Rf7 21. Rfe2 c6 22. Nc3 Nc5 23. Re7 Rbf8 24. Bf3 Qf6 25. Qxf6+ Kxf6 26. Rxf7+ Rxf7 27. Rd1 Ke7 28. Re1+ Kd8 29. b4 Ne6 30. Bh5 Rg7 31. Rd1 Nxf4 32. Bf3 Kc7 33. Kf1 Ne6 34. Ne2 Ng5 0-1

[Event "BL2-Ost 2122"]
[Site "Germany"]
[Date "2022.03.05"]
[Round "1.1"]
[White "Miller, Eduard"]
[Black "Belezky, Alexander"]
[Result "0-1"]
[WhiteElo "2344"]
[BlackElo "2355"]
[PlyCount "98"]
[EventDate "2022.03.05"]
[EventType "team-tourn"]
[EventRounds "10"]
[EventCountry "GER"]
[SourceTitle "EXT 2023"]
[Source "ChessBase"]
[SourceDate "2022.10.05"]
[SourceVersion "1"]
[SourceVersionDate "2022.10.05"]
[SourceQuality "1"]
[WhiteTeam "Erlangen"]
[BlackTeam "Bayern Muenchen II"]
[WhiteTeamCountry "GER"]
[BlackTeamCountry "GER"]

1. d4 e6 2. c4 Bb4+ 3. Nd2 c6 4. a3 Ba5 5. Ngf3 Nf6 6. b4 Bc7 7. e4 d6 8. Bb2 Nbd7 9. Bd3 e5 10. 0-0 0-0 11. Qb3 Re8 12. d5 c5 13. g3 Bb6 14. b5 Nf8 15. Nh4 Bh3 16. Ng2 Ng6 17. f3 h5 18. Rf2 h4 19. Nf1 Qd7 20. Nfe3 Nh5 21. Nf5 Bxf5 22. exf5 hxg3 23. hxg3 Nxg3 24. fxg6 Qh3 25. gxf7+ Kxf7 26. Rff1 Kg8 27. Qc2 Rf8 28. Be4 Rf6 29. Ne3 Qh1+ 30. Kf2 Qh2+ 31. Ke1 Ba5+ 32. Kd1 Nxf1 33. Nxf1 Qh3 34. Qe2 Raf8 35. Kc2 Rxf3 36. Bxf3 Rxf3 37. Rd1 Qf5+ 38. Kc1 Rf2 39. Ne3 Qf4 40. Qg4 Qxe3+ 41. Kb1 Qf3 42. Qe6+ Kh7 43. Ka2 Qxd1 44. Qh3+ Kg8 45. Qe6+ Rf7 46. Qe8+ Rf8 47. Qe6+ Kh7 48. Qh3+ Kg6 49. Qe6+ Rf6 0-1

[Event "Bayern-ch 92th"]
[Site "Lichtenfels"]
[Date "2021.08.25"]
[Round "6"]
[White "Grosshans, Ralf Michael"]
[Black "Miller, Eduard"]
[Result "0-1"]
[WhiteElo "2046"]
[BlackElo "2380"]
[PlyCount "68"]
[EventDate "2021.08.22"]
[EventType "swiss"]
[EventRounds "9"]
[EventCountry "GER"]
[SourceTitle "EXT 2023"]
[Source "ChessBase"]
[SourceDate "2022.10.05"]
[SourceVersion "1"]
[SourceVersionDate "2022.10.05"]
[SourceQuality "1"]

1. e4 c5 2. Nc3 Nc6 3. f4 g6 4. Nf3 Bg7 5. Bb5 Nd4 6. a4 Nh6 7. 0-0 0-0 8. d3 e6 9. e5 d5 10. exd6 Qxd6 11. Ne4 Qc7 12. Bc4 b6 13. c3 Nxf3+ 14. Qxf3 Bb7 15. Qh3 Nf5 16. g4 Nd6 17. Nxd6 Qxd6 18. f5 exf5 19. gxf5 Bc8 20. Bg5 Bxf5 21. Qh4 Rfe8 22. Rf3 Re2 23. Raf1 Rae8 24. Bf4 Qe7 25. Bg5 Qc7 26. Bf4 Be5 27. d4 Bxf4 28. Bxe2 Be3+ 29. Rxe3 Rxe3 30. Rxf5 Rxe2 31. Rd5 Rxb2 32. Rd8+ Kg7 33. d5 Qe5 34. d6 Qe3+ 0-1